Songs of the saints of India / (Record no. 129154)

MARC details
000 -LEADER
fixed length control field 00862nam a22002417a 4500
005 - DATE AND TIME OF LATEST TRANSACTION
control field 20170124110052.0
010 ## - LIBRARY OF CONGRESS CONTROL NUMBER
LC control number B-163324
020 ## - INTERNATIONAL STANDARD BOOK NUMBER
Terms of availability 450.00
International Standard Book Number 9780195668704
035 ## - SYSTEM CONTROL NUMBER
System control number B-163324
037 ## - SOURCE OF ACQUISITION
Source of stock number/acquisition Cen Lib/Ret
040 ## - CATALOGING SOURCE
Original cataloging agency DPL
Language of cataloging EN
082 ## - DEWEY DECIMAL CLASSIFICATION NUMBER
Classification number 821.08
Item number HAW
100 ## - MAIN ENTRY--PERSONAL NAME
Personal name Hawley, John Stratton
9 (RLIN) 25582
245 ## - TITLE STATEMENT
Title Songs of the saints of India /
Statement of responsibility, etc by John Stratton Hawley; translated by Mark Juergensmeye
260 ## - PUBLICATION, DISTRIBUTION, ETC. (IMPRINT)
Place of publication, distribution, etc New Delhi
Name of publisher, distributor, etc Oxford University Press
Date of publication, distribution, etc 2006
270 ## - ADDRESS
City New Delhi
Address YMCA Library Building, Jai Singh Road
Postal code 110001
300 ## - PHYSICAL DESCRIPTION
Extent xxii,244p.
Dimensions 23cm(Hb)
500 ## - GENERAL NOTE
General note Includes bibliographical references and index<br/>
650 ## - SUBJECT ADDED ENTRY--TOPICAL TERM
Topical term or geographic name as entry element Devotional poetry, Indic -- Translations into English
9 (RLIN) 25583
650 ## - SUBJECT ADDED ENTRY--TOPICAL TERM
Topical term or geographic name as entry element Poets, Indic -- Biography
9 (RLIN) 25584
700 ## - ADDED ENTRY--PERSONAL NAME
Personal name Juergensmeye, Mark
9 (RLIN) 25585
942 ## - ADDED ENTRY ELEMENTS (KOHA)
Source of classification or shelving scheme Dewey Decimal Classification
Koha item type English Books
Classification part 821.08
Call number suffix HAW
Holdings
Withdrawn status Lost status Damaged status Not for loan Home library Current library Date acquired Source of acquisition Cost, normal purchase price Total Checkouts Full call number Barcode Date last seen Date checked out Copy number Cost, replacement price Price effective from Koha item type
        Central Library Central Library 04/07/2015 Cen Lib/Ret 0.00 2 821.08 HAW B-163324 18/03/2021 08/03/2021 1 0.00 04/07/2015 English Books

© Delhi Public Library
Hit Counter
free hit counter